[Event "London Classic 11th"]
[Site "London"]
[Date "2019.12.06"]
[Round "2.1"]
[White "Carlsen, Magnus"]
[Black "Aronian, Levon"]
[Result "1-0"]
[WhiteElo "2872"]
[BlackElo "2775"]
[Annotator "Edouard,Romain"]
[PlyCount "131"]
[EventDate "2019.12.02"]
[EventType "k.o."]
[EventRounds "2"]
[EventCountry "ENG"]
[SourceTitle "CBM 194"]
[Source "ChessBase"]
[SourceDate "2020.01.27"]
[SourceVersion "1"]
[SourceVersionDate "2020.01.27"]
[SourceQuality "1"]

1. d4 Nf6 2. Nf3 d5 3. Bf4 c5 4. e3 Nc6 5. Nbd2 $5 {An interesting move order, threatening to take on c5.} cxd4 {Let's see two major nuances between the moves 5.c3 and 5.Nbd2.} (5... Qb6 6. dxc5 $1 Qxb2 (6... Qxc5 7. c4 e6 8. a3 Be7 9. b4 Qb6 10. Bd3 $14 {1-0 (39) Wei Yi (2748)-Le Tuan Minh (2485) Ashgabat 2017}) 7. Rb1 Qc3 (7... Qa3 8. Bb5 (8. Nd4 $2 e5 9. Nb5 Qa5 10. Bg3 Bxc5 $19 {0-1 (36) Nguyen Ngoc Truong Son (2630)-Sethuraman,S (2646) Riyadh 2017}) 8... a6 9. Bxc6+ bxc6 10. O-O g6 11. c4 $1 $146 Bg7 (11... Qxc5 12. Qa4 $16) 12. cxd5 Nxd5 13. Be5 O-O 14. Bxg7 Kxg7 15. Qc2 $14) 8. Bb5 (8. Rb3 Qxc5 9. Qb1 e6 10. Rxb7 Bd6 11. Rb5 Qa3 12. Rb3 Qc5 $11 {½-½ (44) Gupta,A (2626)-Kollars,D (2503) Zalakaros 2017}) 8... e6 (8... Bd7 9. O-O e6 10. Be2 Na5 11. Ne5 Bxc5 12. Nb3 $36 {0-1 (49) Harikrishna,P (2726)-Caruana,F (2828) Saint Louis 2019}) 9. O-O Be7 (9... Qxc5 $6 10. c4 Be7 (10... a6 11. Bxc6+ bxc6 12. Ne5 Bd6 13. Nd3 {1-0 (13) Mikaelyan,A (2474)-Tabatabaei,M (2548) Yerevan ARM 2017}) 11. Nb3 Qa3 12. Ne5 a6 13. Bxc6+ bxc6 14. Nxc6 Bd7 15. Nxe7 Qxe7 16. Be5 O-O 17. cxd5 Nxd5 18. e4 f6 19. Bd4 Nf4 20. Bc5 $16 {1-0 (29) Naiditsch,A (2702)-Wells,P (2447) Antalya 2017}) (9... Bxc5 $6 10. Be5 Qa3 11. Bb2 Qa5 12. Bxf6 gxf6 13. c4 $44 {1-0 (54) Deac,B (2549)-Schnider,G (2430) Graz 2018}) 10. Ne5 (10. Nd4 Qxc5 11. N2b3 Qb6 12. Nd2 Qc5 13. N2b3 Qb6 14. Nd2 Qc5 $11 {½-½ (15) Li Shilong (2495)-Harikrishna,P (2734) China 2018}) 10... Bd7 11. Nd3 {The latest trend.} (11. Ndf3 Qxc5 (11... O-O 12. e4 Rfd8 13. Nxd7 Nxd7 14. exd5 exd5 15. Re1 Qxc5 16. Bd3 Nb6 17. Rb5 Qa3 18. Rb3 Qc5 19. Ne5 $36 {1-0 (24) Kravtsiv,M (2655)-Ghosh,D (2536) Bhubaneswar 2018}) 12. c4 Nxe5 13. Nxe5 Bxb5 14. Rxb5 Qc8 15. Qb1 O-O 16. Rxb7 Bc5 $11 {½-½ (38) Kravtsiv,M (2635)-Csonka,B (2481) Hungary 2019}) (11. Nxd7 Nxd7 12. e4 O-O $6 (12... a6 $1 $13) 13. exd5 exd5 14. Ne4 dxe4 15. Qxd7 Qxc5 16. Qxb7 Nd4 17. Be3 $14 {½-½ (49) Livaic,L (2474)-Loiseau,Q (2443) Zadar 2018}) 11... O-O (11... Rc8 12. Nb3 O-O 13. a3 $5 $146 {avoiding ...Nb4; White wants to go 14.f3 with the idea Bg3-Be1.}) 12. Bc7 $1 {White is trying to trap the black queen!} b6 $1 {With this move, Black seems to hold.} (12... Ne8 $6 13. Rb3 Qf6 14. Bg3 $1 {is already bad for Black, and was played in many games.}) (12... Rac8 $2 13. Rb3 $18) 13. a4 $5 Ne8 14. Be5 $5 (14. Rb3 $6 Qa5 15. Nb2 Nxc7 16. Ndc4 {White gets the black queen, but at the cost of too many pieces.} dxc4 17. Nxc4 Be8 18. Nxa5 Nxa5 19. Rb1 Nxb5 20. axb5 Bxc5 $15 {0-1 (41) Tang,A (2507)-Balakrishnan,P (2411) Saint Louis 2018}) 14... Nxe5 15. Rb3 Qa5 16. Nxe5 Bxb5 17. axb5 Bxc5 (17... bxc5 18. Nd7 c4 $44) 18. Nd7 Nd6 19. Nxf8 Rxf8 20. c3 Nxb5 21. Qa1 Na3 (21... Nd6 $1 $11) 22. Qb2 Nc4 23. Nxc4 dxc4 24. Rb5 Qa6 25. Ra1 Rd8 26. h4 Qc8 27. Qa2 a5 28. Qxc4 $14 {1-0 (54) Nabaty,T (2639)-Fridman,D (2627) Bremen 2019}) (5... Nh5 6. dxc5 Nxf4 7. exf4 Qa5 (7... e6 8. Nb3 Bxc5 9. Nxc5 Qa5+ 10. c3 Qxc5 11. Bd3 g6 12. g3 Bd7 13. Qe2 d4 14. Rc1 O-O 15. O-O $14 {½-½ (56) Blohberger,F (2447)-Blagojevic,D (2497) Skopje 2018}) 8. c4 $5 $146 (8. Bd3 Qxc5 9. O-O g6 $132 {0-1 (33) Gajewski,G (2623)-Santos Ruiz,M (2583) Dresden 2019}) 8... Qxc5 9. a3 e6 10. Bd3 Be7 11. O-O O-O 12. Rc1 Qd6 13. g3 {and White's position looks more pleasant.}) 6. exd4 Qb6 $5 {Why not!? Against almost any move, White would follow with c3 and transpose into a regular London opening position.} 7. Nb3 Bg4 ({Later in the match, Aronian tried to improve on this game with} 7... a6 {but also failed to equalize:} 8. Be2 Bg4 9. a4 e6 10. a5 Qd8 11. Ne5 Bxe2 12. Qxe2 Rc8 13. c3 $36 {1-0 (36) Carlsen,M (2872)-Aronian,L (2775) London 2019}) (7... Bf5 8. a4 $5 a6 9. a5 Qd8 10. c3 (10. Bd3 Bxd3 11. Qxd3 e6 12. O-O Be7 13. Ne5 O-O 14. Nxc6 bxc6 15. Rfc1 Qd7 16. c4 Qb7 $11 {0-1 (45) Kravtsiv,M (2685)-Bok,B (2622) Batumi 2018}) 10... e6 11. Ne5 Be7 12. Be2 O-O 13. O-O Nd7 14. Nd3 {could be the kind of positions Magnus wanted to play.}) 8. a4 $5 ({RR} 8. c3 e6 9. h3 Bh5 10. Bd3 a5 11. O-O a4 12. Nbd2 Qxb2 13. c4 Nxd4 14. cxd5 Nxd5 15. Be5 Nxf3+ 16. Nxf3 Bxf3 17. Qe1 Qb4 18. gxf3 Qxe1 19. Bb5+ Ke7 20. Rfxe1 f6 21. Bd4 Kf7 22. Rac1 Ba3 {Khachatryan,A (2076)-Sokhor,N (2265) chess.com INT 2025 1-0 (65)}) 8... a6 (8... a5 $6 9. Bb5 e6 10. h3 Bxf3 11. Qxf3 Bb4+ 12. c3 Be7 13. Nd2 $14 {1-0 (66) Unuk,L (2343)-Pychova,N (2201) Rymanow-Zdroj 2017}) 9. a5 Qa7 $146 (9... Qd8 {was certainly a bit more natural.}) ({RR} 9... Qd8 10. h3 Bxf3 11. Qxf3 e6 12. c3 Be7 13. Bd3 O-O 14. O-O Rc8 15. Rfe1 Ne8 16. Re2 Bd6 17. Bd2 Be7 18. g3 Nd6 19. Qh5 g6 20. Qf3 Kg7 21. Qf4 Nc4 22. Qh6+ Kg8 23. Bc1 N6xa5 24. Nxa5 {Davi,A (2186)-Bergamaschi,E (2017) Parma ITA 2024 ½-½ (58)}) ({RR} 9... Qd8 10. h3 Bh5 11. g4 Bg6 12. Ne5 Nd7 13. Nxg6 hxg6 14. c3 e6 15. Bd3 Nf6 16. Qf3 Bd6 17. Kf1 Bxf4 18. Qxf4 Nd7 19. Kg2 g5 20. Qg3 Rc8 21. Rhe1 Qc7 22. Nd2 Qxg3+ 23. fxg3 Ke7 24. Nf3 {Aronian,L (2781)-Carlsen,M (2847) chess24.com INT 2021 1-0 (51)}) ({RR} 9... Qd8 10. c3 e6 11. Be2 Bd6 12. Bxd6 Qxd6 13. Nc5 Rb8 14. b4 O-O 15. O-O Bxf3 16. Bxf3 e5 17. dxe5 Nxe5 18. Be2 Rfd8 19. Qb3 Nfg4 20. g3 Qh6 21. h4 d4 22. cxd4 Rxd4 23. Rad1 Rd2 24. Bxg4 {Mitrabha,G (2510)-Tanenbaum,Z (2244) chess.com INT 2023 0-1 (37)}) 10. c3 e6 11. Be2 ({I couldn't see a good reason not to play} 11. h3 $5 {except that after} Bxf3 12. Qxf3 b5 13. axb6 Qxb6 {the b3-knight is unprotected, but it isn't a big deal:} 14. Qd1 {and White is definitely better.}) 11... Nh5 12. Be3 (12. Be5 $5 $14) 12... Qb8 13. h3 Bxf3 14. Bxf3 Nf6 15. Be2 Bd6 16. Bd3 O-O 17. O-O Qc7 18. Re1 {Black's position is almost equal, but he's simply running out of useful moves. In order to get counterplay, he should play ...b6 or ...e5 at some point, but in the game he could never do it under good conditions.} Kh8 19. Qf3 Rae8 (19... e5 20. dxe5 Nxe5 21. Qf5 $14) 20. Bg5 Ng8 21. Re2 Nge7 (21... f6 22. Bd2 f5 $5 {is a good try.} (22... e5 $2 23. Qxd5 $18) 23. Rae1 Nf6 $1 24. Rxe6 Rxe6 25. Rxe6 Ne4 26. Bxe4 $1 dxe4 27. Qh5 Qd7 28. d5 Nd8 29. Rxd6 Qxd6 30. c4 $14) 22. Qh5 Ng6 23. Bc2 Kg8 24. Bd2 $5 {Not giving Black time for ...f6 and ...Qf7.} Nb4 25. Bb1 Nc6 26. Bd3 Rb8 (26... e5 27. Rae1 $1 e4 $2 28. Qxd5 $18) 27. Be3 Rfe8 $6 (27... b6 28. axb6 Rxb6 29. Nc5 $16) (27... Rbe8 $1 28. g3 f5 $1 29. Rae1 Rf7 30. Bd2 Nf8 $132 {The f-rook is important to prevent Bxf5 ideas.}) 28. g3 $1 {White slowly makes progress.} Nf8 (28... f5 29. Rae1 $16) 29. Bc2 b6 {Aronian probably felt like he had waited enough!} (29... Re7 30. h4 $14) 30. axb6 Rxb6 31. Bc1 $5 (31. Nc5 $5) 31... Reb8 32. Nc5 e5 {Again - this looks like desperation! But White's position is no longer that easy to play.} (32... a5 33. Nd3 $16) 33. Nxa6 Qa7 34. dxe5 g6 35. Qg4 Nxe5 36. Qa4 Rc8 37. Be3 d4 $1 38. Bxd4 $2 {And Carlsen blunders with an extra hour on the clock!} (38. Nc5 $1 {was the right move, with the idea of 39.cxd4, while} Qxa4 39. Nxa4 {is just bad for Black.}) (38. cxd4 $2 Nf3+ 39. Kh1 Qb7 $44) 38... Nf3+ $2 ({Missing} 38... Rc4 $1 39. b4 (39. Qa2 Nf3+ 40. Kg2 Nxd4 41. cxd4 Rxd4 42. Be4 Ne6 $44) 39... Nf3+ 40. Kg2 Nxd4 41. cxd4 Rxd4 $11) 39. Kg2 Nxd4 40. Qxd4 Ne6 41. Rxe6 $5 (41. Qe3 {is close to a win, but Black seems to hold with a series of only moves:} Bc5 $8 42. Nxc5 Qxa1 43. Nd7 Rxb2 44. Qh6 Kh8 45. Nf6 Nf8 46. Ne8 Qa8+ $8 47. Be4 Rxe8 48. Bxa8 Rbxe2 {with serious drawing chances for Black.}) 41... fxe6 42. Be4 Rf8 43. Ra2 Rb7 44. Qxa7 Rxa7 45. b4 Rb8 $2 {In time trouble, Aronian couldn't find how to limit the damage of the white pawns.} (45... Rc8 $1 {would have made White's task far more difficult:} 46. b5 Rxc3 47. b6 Rf7 48. Rd2 Rc4 $8 49. Bf3 Rc3 $8 {and there is no win for White, e.g.} 50. Bg4 Rc6 51. Bxe6 Rxb6 52. Bxf7+ Kxf7 $14) 46. c4 $1 {Now White pushes his pawn and wins.} Rb6 (46... Bxb4 47. Nxb4 $18) 47. b5 Kf7 48. Rc2 (48. Ra4 {with the idea Bc6 and c5 might have been stronger. A very instructive manoeuvre by the way!}) 48... Rbxa6 49. bxa6 Rxa6 50. c5 Be5 51. c6 Ra7 52. h4 {With a few minutes left and an hour less against the World Champion, chances to hold this endgame are close to zero.} Kf6 53. Rd2 Bc3 54. Rd3 Bb4 55. Kh3 Be7 56. f3 e5 57. Rc3 Bd6 58. Rc1 h6 59. Rd1 Be7 60. Kg4 Kf7 (60... h5+ 61. Kh3 {would be a success for White: he managed to get the black pawns on light squares and will now go the other way around with his king, or push g4.}) 61. Rb1 Bd6 62. h5 $1 {This is even worse for Black.} gxh5+ 63. Kxh5 Kg7 64. Rd1 Bb4 65. Rd5 Re7 66. Bf5 {The bishop goes to d7 and the gave is over.} 1-0

[Event "London Classic 11th"]
[Site "London"]
[Date "2019.12.07"]
[Round "2.2"]
[White "Aronian, Levon"]
[Black "Carlsen, Magnus"]
[Result "1/2-1/2"]
[WhiteElo "2775"]
[BlackElo "2872"]
[Annotator "Edouard,Romain"]
[PlyCount "162"]
[EventDate "2019.12.02"]
[EventType "k.o."]
[EventRounds "2"]
[EventCountry "ENG"]
[SourceTitle "CBM 194"]
[Source "ChessBase"]
[SourceDate "2020.01.27"]
[SourceVersion "1"]
[SourceVersionDate "2020.01.27"]
[SourceQuality "1"]

1. d4 Nf6 2. c4 g6 3. f3 Nc6 $5 4. d5 Ne5 5. e4 d6 6. Nc3 Bg7 (6... c6 7. f4 Ned7 8. Nh3 Nc5 9. Nf2 Bg7 10. Be2 O-O 11. Be3 cxd5 12. cxd5 Qa5 13. O-O $14 {wasn't satisfying for Black in the game Ding Liren (2804)-Svidler,P (2756) Porto Carras 2018, 1-0 (41).}) 7. f4 Ned7 8. Be3 $5 (8. Nh3 O-O 9. Be2 Nc5 10. Nf2 {used to be the main line, but then Black found} e5 $5 11. fxe5 (11. dxe6 fxe6 12. Be3 b6 13. Qc2 Bb7 14. O-O-O Nfd7 $13 {½-½ (51) Cheparinov,I (2703)-Najer,E (2706) Kocaeli 2017}) 11... Ne8 $1 12. Bf4 (12. exd6 Nxd6 $44 {0-1 (32) Laznicka,V (2679)-Salgado Lopez,I (2622) Dubai 2014}) 12... Qe7 $1 13. Rc1 Bxe5 14. Bxe5 Qxe5 15. b4 Nd7 16. O-O a5 17. a3 axb4 18. axb4 c5 $5 19. dxc6 bxc6 $13 {½-½ (33) Moiseenko,A (2635)-Baron,T (2531) Douglas 2019.}) 8... O-O 9. Be2 e6 ({RR} 9... Qe8 10. Nh3 e6 11. dxe6 Qxe6 12. Qc2 Re8 13. Nf2 Nxe4 14. Ncxe4 f5 15. O-O-O Nc5 16. Bxc5 dxc5 17. Nc3 Qe3+ 18. Rd2 Qxf2 19. Bf3 Qh4 20. Nd5 c6 21. Nc7 Re1+ 22. Rxe1 Qxe1+ 23. Bd1 Rb8 24. Rd8+ {Gukesh,D (2730)-Svidler,P (2683) Malmo SWE 2023 ½-½ (42)}) 10. dxe6 fxe6 11. h4 $5 ({Black could never prove equality after} 11. Nh3 {- so I actually wonder what was Magnus' idea.} b6 12. O-O Bb7 13. Qc2 (13. Bf3 $5 Rb8 14. Qc2 Qe7 15. Rad1 a6 16. b4 Ba8 17. a3 Bh6 18. Bc1 $14 {0-1 (50) Vocaturo,D (2607)-Svidler,P (2760) Antalya 2017}) 13... Nc5 14. Bf3 e5 (14... Nfd7 15. b4 Na6 16. a3 Qe7 17. Rad1 $16 {½-½ (58) Dziuba,M (2556)-Tomczak,J (2615) Poland 2017}) (14... Rb8 15. b4 Ncd7 16. Rae1 Qe7 17. a3 $14 {½-½ (35) Baldauf,M (2493)-Esipenko,A (2616) Karlsruhe 2019}) 15. f5 a5 16. g4 h6 17. Rad1 Nh7 18. Qg2 g5 19. Nf2 Bf6 20. Nh1 Bc6 21. Ng3 $16 {1-0 (69) Fedoseev,V (2680)-Trjapishko,A (2512) Yaroslavl 2019}) 11... b5 $146 (11... b6 12. h5 Bb7 (12... Nxh5 13. Bxh5 gxh5 14. Qxh5 Bxc3+ 15. bxc3 Qe7 {may be playable}) 13. hxg6 hxg6 14. Qc2 e5 15. f5 Nc5 16. Bxc5 dxc5 17. Rd1 Qe7 18. g4 Ne8 19. Nf3 $16 {1-0 (28) De Jong,J (2454)-Wagner,D (2490) Netherlands 2014}) (11... e5 $6 12. f5 $16) (11... Qe7 $5 $146 {may also be playable:} 12. h5 (12. g4 $5) 12... gxh5 13. Bxh5 Nxh5 14. Qxh5 Bxc3+ 15. bxc3 Rf7 $132) ({RR} 11... b6 12. h5 Bb7 13. hxg6 hxg6 14. Qc2 e5 15. f5 Nc5 16. Bxc5 dxc5 17. Rd1 Qe7 18. g4 Ne8 19. Nf3 Nd6 20. Rh3 Bf6 21. Bd3 Kg7 22. g5 Bxg5 23. Qg2 Nf7 24. fxg6 Kxg6 25. Nh4+ Kf6 26. Rf3+ {De Jong,J (2454)-Wagner,D (2501) Haarlem 2014 1-0}) 12. cxb5 Bb7 13. Qb3 $1 Kh8 (13... Nxe4 $4 14. Nxe4 Bxe4 15. Qxe6+ $18) 14. Bf3 e5 15. Nh3 $1 {Black has practical compensation for the pawn, but not enough of it objectively.} Nh5 (15... a6 {looked natural. After} 16. O-O-O $5 (16. Ng5 exf4 17. Ne6 Qe7 18. Nxf8 fxe3 19. Ne6 Ne5 $44) 16... axb5 17. h5 gxh5 18. f5 {Black's position remains difficult.}) 16. Bxh5 gxh5 ({Better may have been} 16... exf4 17. Nxf4 Nc5 $1 18. Bxc5 Rxf4 19. g3 Rf8 20. O-O-O gxh5 $16) 17. f5 Nf6 18. Nf2 {A good but timid move.} ({When watching the game, I was thinking Aronian would definitely have dared to play} 18. Ng5 {if his opponent wasn't Magnus Calsen!}) 18... a6 19. b6 $5 (19. bxa6 Bxa6 {opens columns and diagonals, which White prefer to avoid.}) 19... cxb6 20. Bxb6 (20. Rd1 b5 21. O-O {was enough for a clear advantage.}) 20... Qd7 21. Rd1 Rac8 (21... Rfb8 22. Qe6 $5 (22. Qc2 $5) 22... Qxe6 23. fxe6 Re8 24. Bc7 Rxe6 25. Rxd6 Rxd6 26. Bxd6 Rd8 27. Bxe5 Re8 28. Bd4 Bxe4 29. O-O {and Black is far from equalizing, for example:} Bg6 30. Nh3 Ne4 31. Bxg7+ Kxg7 32. Nxe4 Rxe4 33. Rf4 Re2 34. Rf2 Re4 35. Nf4 $16) (21... Rab8 22. Ba7 Rbc8 23. Be3 $16) (21... d5 22. exd5 Qxf5 23. O-O {doesn't bring Black enough compensation either.}) 22. Be3 h6 23. Rh3 d5 $5 (23... Ba8 24. Qe6 $16) 24. exd5 Ba8 25. Rf3 Rb8 26. Qc2 Rfc8 27. Qe2 (27. Qd2 Kh7 28. Nfe4 Nxe4 29. Nxe4 {looked winning to me, but after} Rb5 $1 {Black does keep some chances.}) 27... Qf7 28. Qd2 (28. Rg3 $1 {would have won the game:} Nxd5 (28... Bxd5 29. Qd2 $18) 29. Nxd5 Bxd5 30. Bxh6 $1 Bxh6 31. Rg6 $1 $18) 28... Kh7 29. Nfe4 Nxe4 30. Nxe4 Rd8 31. f6 Bf8 32. Qc2 Kh8 33. Nc3 Rb4 34. Qf2 Bxd5 35. Bc5 $2 {Tempting, but bad!} (35. Rf5 $5 {was strong.}) ({So was the clever} 35. Bb6 $5 Rd7 36. Bc5 $1 Bxf3 (36... Rd4 {no longer works due to} 37. Bxf8 $18) 37. Rxd7 Qxd7 38. Bxb4 Bxb4 39. Qxf3 Qd4 40. Qg3 $18) 35... Rd4 $3 {Suddenly Black is back in the game.} 36. Bxd4 Bxf3 37. gxf3 exd4 38. Rxd4 Rb8 $2 (38... Qxf6 39. Rxd8 Qxd8 {with great drawing chances for Black, due to the weakness of the h4-pawn.}) 39. Qh2 Rb6 40. Nd5 Qe6+ 41. Qe2 Qg8 42. Kf1 Re6 43. f7 $2 {At first, that looked to me like an amazing shot - but it is a bad move!} (43. Qh2 Rc6 44. Rd1 {and Black doesn't have any compensation.}) 43... Qxf7 44. Rf4 Qg6 $1 {Probably the ressource overlooked by Aronian.} 45. Rxf8+ (45. Re4 Rc6 $132) 45... Kg7 46. Qd1 (46. Rg8+ Kxg8 47. Ne7+ Rxe7 48. Qxe7 Qb1+ $11) 46... Kxf8 47. Nf4 Qe8 48. Nxe6+ Qxe6 {White has an extra pawn, but can't pary both of Black's threats: ...Qxa2 and ...Qh3+.} 49. Qd8+ Kf7 50. Qc7+ Ke8 51. Qb8+ Kd7 52. Qb7+ Kd8 53. Qb8+ Kd7 54. Qa7+ Ke8 55. b3 Qh3+ 56. Ke2 Qxh4 {The only thing Black should be careful of is not to exchange queens under bad circumstances. But it is certainly not going to happen!} 57. Qb8+ (57. Qxa6 Qh2+ 58. Kd3 h4 $11) 57... Ke7 58. Qc7+ Kf8 59. Qc5+ Kg7 60. Qe5+ Kg8 61. a4 Qh1 62. Qb8+ Kf7 63. Qf4+ Ke8 64. Qb8+ Kd7 65. Qa7+ Kd8 66. Qd4+ Ke8 67. Qe5+ Kd7 68. Qd4+ Ke8 69. b4 Qg2+ $5 ({There was nothing wrong with} 69... h4 {either.}) 70. Qf2 Qg5 $1 {Now it's an easy draw.} 71. f4 (71. Qe3+ Kd7 $11) 71... Qd5 72. Qe3+ Kf7 73. Qa7+ Ke8 74. Qc5 Qa2+ 75. Kf3 Qxa4 76. Qxh5+ Ke7 77. Qe5+ Kf7 78. Qd5+ Kg7 79. Qd4+ Kf7 80. Qd5+ Kg7 81. Qd4+ Kf7 1/2-1/2

[Event "London Classic 11th"]
[Site "London"]
[Date "2019.12.08"]
[Round "2.4"]
[White "Carlsen, Magnus"]
[Black "Aronian, Levon"]
[Result "1-0"]
[WhiteElo "2872"]
[BlackElo "2775"]
[PlyCount "71"]
[EventDate "2019.12.02"]
[EventType "k.o."]
[EventRounds "2"]
[EventCountry "ENG"]
[SourceTitle "CBM 194"]
[Source "ChessBase"]
[SourceDate "2020.01.27"]
[SourceVersion "1"]
[SourceVersionDate "2020.01.27"]
[SourceQuality "1"]

1. d4 Nf6 2. Nf3 d5 3. Bf4 c5 4. e3 Nc6 5. Nbd2 cxd4 6. exd4 Qb6 7. Nb3 a6 8. Be2 Bg4 9. a4 e6 10. a5 Qd8 11. Ne5 Bxe2 12. Qxe2 Rc8 13. c3 Be7 14. h4 $146 ({RR} 14. Nxc6 Rxc6 15. O-O O-O 16. Nc1 Ne4 17. Nd3 Bg5 18. f3 Nd6 19. Bxd6 Qxd6 20. f4 Be7 21. f5 Bf6 22. fxe6 fxe6 23. Rae1 Re8 24. Qh5 Re7 25. Rf3 Rc8 26. Rfe3 Rce8 27. h3 Qc7 28. Qg4 Qxa5 {Murzin,V (2635)-Moksh,A (2355) chess.com INT 2024 1-0 (43)}) ({RR} 14. Nxc6 Rxc6 15. O-O O-O 16. Nc1 Ne4 17. Nd3 Bg5 18. f3 Nd6 19. Bxd6 Qxd6 20. f4 Be7 21. f5 Bf6 22. fxe6 fxe6 23. Rae1 Re8 24. Qh5 Re7 25. Rf3 Rc8 26. Rfe3 Rce8 27. h3 Qc7 28. Qg4 Qxa5 {Murzin,V (2635)-Moksh,A (2355) chess.com INT 2024 1-0 (43)}) 14... Nxe5 15. Bxe5 Nd7 16. h5 Nxe5 17. dxe5 O-O 18. Ra4 Qd7 19. Rg4 f5 20. exf6 Bxf6 21. O-O e5 22. h6 Kh8 23. hxg7+ Bxg7 24. Rd1 Qf7 25. Rd3 e4 26. Rh3 Rc6 27. Rgh4 h6 28. Qe3 Rf6 29. Nd4 Rxf2 30. Rxh6+ Kg8 31. Qg3 Rf1+ 32. Kh2 Qf4 33. Ne6 Qxg3+ 34. Rxg3 R8f7 35. Rhg6 e3 36. Rxe3 1-0

[Event "London Classic 11th"]
[Site "London"]
[Date "2019.12.08"]
[Round "2.7"]
[White "Aronian, Levon"]
[Black "Carlsen, Magnus"]
[Result "1/2-1/2"]
[WhiteElo "2775"]
[BlackElo "2872"]
[PlyCount "112"]
[EventDate "2019.12.02"]
[EventType "k.o."]
[EventRounds "2"]
[EventCountry "ENG"]
[SourceTitle "CBM 194"]
[Source "ChessBase"]
[SourceDate "2020.01.27"]
[SourceVersion "1"]
[SourceVersionDate "2020.01.27"]
[SourceQuality "1"]

1. d4 e6 2. e4 d5 3. Nc3 Bb4 4. e5 Qd7 5. Nh3 b6 6. Nf4 Ba6 ({RR} 6... c5 7. a3 Bxc3+ 8. bxc3 Ne7 9. Nh5 Kf8 10. Qg4 Ng6 11. h4 Ba6 12. Nxg7 Kxg7 13. h5 Bxf1 14. Kxf1 Qb5+ 15. Kg1 Nd7 16. Rh3 Rag8 17. Bh6+ Kxh6 18. hxg6+ Kg7 19. gxh7+ Kf8 20. hxg8=Q+ Rxg8 21. Qf4 {Aronian,L (2729)-Sipahioglu,I (2061) chess.com INT 2024 1-0}) 7. Bxa6 Nxa6 8. O-O Bxc3 $146 ({RR} 8... c6 9. Qg4 Bf8 10. Nh5 g6 11. Ng3 Nc7 12. Nd1 h5 13. Qf3 Be7 14. Re1 Nh6 15. Bxh6 Rxh6 16. Ne3 Rh7 17. Rac1 b5 18. c3 Kf8 19. h3 Kg7 20. Nef1 Rhh8 21. Nh2 Raf8 22. Qe3 Na8 23. Ngf1 {Mahia,G (2245)-Tempone,M (2330) Pehuaj 1983 ½-½}) ({RR} 8... g6 9. Qe2 Nb8 10. Nd1 h5 11. c4 c6 12. Ne3 Nh6 13. Bd2 Bxd2 14. Qxd2 Na6 15. Rac1 Kf8 16. Rc3 Kg7 17. cxd5 cxd5 18. Rfc1 Rac8 19. h3 Rxc3 20. Qxc3 Rd8 21. g3 Qe7 22. a3 Rd7 23. Qd3 {Piscopo,P (2392)-Radice,L (2070) Porto Mannu 2007 ½-½ (40)}) 9. bxc3 Ne7 10. Nh5 Kf8 11. a4 Nb8 12. g4 Nbc6 13. f4 Rg8 14. Qd3 Ke8 15. f5 exf5 16. gxf5 Kd8 17. Kh1 Kc8 18. f6 g6 19. Ng3 Nf5 20. Nxf5 gxf5 21. Qxf5 Nd8 22. Qxd7+ Kxd7 23. Rf3 Ne6 24. Rh3 Rh8 25. Be3 Rag8 26. Rg1 Rxg1+ 27. Kxg1 h5 28. Kf2 c5 29. Ke2 a5 30. Rg3 Kc6 31. dxc5 bxc5 32. Kd3 h4 33. Rg4 h3 34. c4 Rb8 35. Bd2 Rb1 36. Rh4 dxc4+ 37. Kxc4 Ra1 38. Kd3 Ra3+ 39. c3 Kd5 40. Rxh3 c4+ 41. Ke3 Rxa4 42. Rh7 Kxe5 43. Rxf7 Ra1 44. h4 a4 45. h5 a3 46. Ra7 Kxf6 47. h6 Rh1 48. Rxa3 Rxh6 49. Ke4 Rh5 50. Be3 Re5+ 51. Kf3 Rf5+ 52. Ke2 Ke5 53. Ra5+ Ke4 54. Ra4 Kd5 55. Ra5+ Ke4 56. Ra4 Kd5 1/2-1/2

[Event "Tata Steel-A 82nd"]
[Site "Wijk aan Zee"]
[Date "2020.01.13"]
[Round "3"]
[White "Carlsen, Magnus"]
[Black "Xiong, Jeffery"]
[Result "1/2-1/2"]
[WhiteElo "2872"]
[BlackElo "2712"]
[PlyCount "112"]
[EventDate "2020.01.11"]
[EventType "tourn"]
[EventRounds "13"]
[EventCountry "NED"]
[EventCategory "20"]
[SourceTitle "CBM 194"]
[Source "ChessBase"]
[SourceDate "2020.01.27"]
[SourceVersion "1"]
[SourceVersionDate "2020.01.27"]
[SourceQuality "1"]

1. d4 Nf6 2. c4 e6 3. Nf3 d5 4. Nc3 c5 5. cxd5 Nxd5 6. e4 Nxc3 7. bxc3 cxd4 8. cxd4 Bb4+ 9. Bd2 Bxd2+ 10. Qxd2 O-O 11. Bd3 Nc6 12. Bc2 Qe7 13. O-O Rd8 14. Qe3 b6 15. Rfd1 Bb7 16. Rac1 Rac8 17. h4 Na5 $146 ({RR} 17... h6 18. g4 Rc7 19. g5 hxg5 20. hxg5 Rdc8 21. g6 Nd8 22. gxf7+ Nxf7 23. Bd3 Qf6 24. Rxc7 Rxc7 25. Kf1 Rc3 26. Ke1 Ra3 27. Rd2 g5 28. d5 exd5 29. e5 d4 30. Qxd4 Qxf3 31. e6 Qh1+ 32. Bf1 {Pechac,J (2620)-Keymer,V (2693) Bydgoszcz 2022 1-0 (47)}) 18. Bd3 h6 19. g4 Nc6 20. Bb1 Qd7 21. Kh2 Qd6+ 22. Kg1 Na5 23. Bd3 Rxc1 24. Rxc1 Nc6 25. Bb5 Nxd4 26. Qxd4 Qxd4 27. Nxd4 Rxd4 28. f3 a6 29. Bf1 Rd7 30. a4 Kf8 31. Kf2 Ke7 32. Rb1 Rd6 33. e5 Rc6 34. Bd3 g5 35. h5 Bc8 36. Ke3 Rc5 37. f4 Ra5 38. Rxb6 gxf4+ 39. Kxf4 Rxa4+ 40. Kf3 Ra3 41. Ke4 f6 42. Rb8 Bd7 43. Rb7 fxe5 44. g5 hxg5 45. h6 Kd6 46. Rb6+ Bc6+ 47. Rxc6+ Kxc6 48. h7 Ra4+ 49. Kxe5 Rh4 50. Kf6 g4 51. Kg5 Rh2 52. Kxg4 Kd5 53. Bg6 Rh6 54. Kg5 Rxh7 55. Bxh7 e5 56. Kg4 Kd4 1/2-1/2